Statystyki dla 12 x 12 Tabela Mnożenia - Jedna Minuta Sprint

Kliknij tutaj aby rozwiązać quiz!

Ogólne statystyki

  • Ten quiz został rozwiązany 4 046 razy
  • Średni wynik to 104 z 144

Statystyki odpowiedzi

#% Poprawnych
1
100%
2
100%
3
100%
4
100%
5
99%
6
99%
7
99%
8
99%
9
99%
10
98%
12
98%
20
93%
11
92%
14
92%
30
89%
24
88%
16
86%
18
86%
22
84%
15
82%
40
82%
36
79%
50
77%
60
75%
21
74%
33
72%
25
71%
27
69%
28
68%
35
67%
44
67%
55
67%
45
63%
70
62%
48
61%
100
58%
32
58%
80
58%
90
57%
66
54%
77
48%
42
47%
72
47%
88
45%
110
44%
120
44%
99
44%
54
41%
49
40%
121
39%
144
39%
56
39%
63
32%
132
30%
84
30%
81
29%
108
28%
64
28%
96
28%

Rozkład punktacji

Percentyl według liczby udzielonych odpowiedzi

Procent ludzi z każdym wynikiem

Twoja historia wyników

Nie rozwiązałeś tego quizu